प्रायश्चित्त (Record no. 169925)

MARC details
000 -LEADER
fixed length control field 00528nam a2200181Ia 4500
008 - FIXED-LENGTH DATA ELEMENTS--GENERAL INFORMATION
fixed length control field 090124s9999 xx 000 0 und d
082 ## - DEWEY DECIMAL CLASSIFICATION NUMBER
Item number 123838
100 ## - MAIN ENTRY--PERSONAL NAME
Personal name मंगेशकर गीता
245 ## - TITLE STATEMENT
Title प्रायश्चित्त
250 ## - EDITION STATEMENT
Edition statement 1
260 ## - PUBLICATION, DISTRIBUTION, ETC. (IMPRINT)
Date of publication, distribution, etc 1990
300 ## - PHYSICAL DESCRIPTION
Extent 253
600 ## - SUBJECT ADDED ENTRY--PERSONAL NAME
Personal name मंगेशकर गीता
630 ## - SUBJECT ADDED ENTRY--UNIFORM TITLE
Uniform title प्रायश्चित्त
700 ## - ADDED ENTRY--PERSONAL NAME
Personal name मंगेशकर गीता
730 ## - ADDED ENTRY--UNIFORM TITLE
Uniform title प्रायश्चित्त
942 ## - ADDED ENTRY ELEMENTS (KOHA)
Koha item type Book
Holdings
Withdrawn status Lost status Damaged status Not for loan Home library Current library Date acquired Cost, normal purchase price Total Checkouts Full call number Barcode Date last seen Cost, replacement price Price effective from Koha item type
  Missing from bundle     Marathi Granth Sangrahalaya,Thane Marathi Granth Sangrahalaya,Thane   95.00   123838 THNMGS-123838 01/24/2009 95.00 01/24/2009 Book